<?xml version="1.0" encoding="UTF-8"?>
<record
    xmlns:xsi="http://www.w3.org/2001/XMLSchema-instance"
    xsi:schemaLocation="http://www.loc.gov/MARC21/slim http://www.loc.gov/standards/marcxml/schema/MARC21slim.xsd"
    xmlns="http://www.loc.gov/MARC21/slim">

  <leader>02541cam a2200313   4500500</leader>
  <controlfield tag="005">20260426025534.0</controlfield>
  <datafield tag="041" ind1=" " ind2=" ">
    <subfield code="a">fre</subfield>
  </datafield>
  <datafield tag="042" ind1=" " ind2=" ">
    <subfield code="a">dc</subfield>
  </datafield>
  <datafield tag="100" ind1="1" ind2="0">
    <subfield code="a">Moreau Ricaud, Michelle</subfield>
    <subfield code="e">author</subfield>
  </datafield>
  <datafield tag="245" ind1="0" ind2="0">
    <subfield code="a">Mill et Freud&#xA0;: pionniers de l'&#xE9;mancipation de la femme&#xA0;?</subfield>
  </datafield>
  <datafield tag="260" ind1=" " ind2=" ">
    <subfield code="c">2003.
							</subfield>
  </datafield>
  <datafield tag="500" ind1=" " ind2=" ">
    <subfield code="a">69</subfield>
  </datafield>
  <datafield tag="520" ind1=" " ind2=" ">
    <subfield code="a">Quelques ann&#xE9;es avant de faire son stage aupr&#xE8;s de J.M. Charcot, dont il suit le travail avec les femmes hyst&#xE9;riques hospitalis&#xE9;es, Freud, encore &#xE9;tudiant, se voit confier la traduction du dernier volume de J.S. Mill, qui contient &#x2013; entre autres &#x2013; un texte r&#xE9;volutionnaire&#xA0;: The Enfranchisement of Women (1851), L&#x2019;&#xE9;mancipation des femmes. Bien que Freud n&#x2019;ait mentionn&#xE9; qu&#x2019;une seule fois (deux des ouvrages de) Mill, et n&#x2019;ait jamais signal&#xE9; quelque autre influence de ce philosophe sur ses repr&#xE9;sentations, nous faisons l&#x2019;hypoth&#xE8;se que son travail de traduction est pourtant loin de le laisser indemne quand la question du f&#xE9;minin surgit pour la premi&#xE8;re fois. Le pr&#xE9;jug&#xE9; masculin ne c&#xE8;de pas aussit&#xF4;t, mais les r&#xE9;sistances de Freud &#xE0; penser la femme comme un alter ego en seront d&#xE9;j&#xE0; quelque peu &#xE9;mouss&#xE9;es...</subfield>
  </datafield>
  <datafield tag="520" ind1=" " ind2=" ">
    <subfield code="a">Mill and Freud &#x2013; Pioneers of Women&#x2019;s Lib&#xA0;? A few years before going on her training course with J.M.Charcot, whose work with hysterical women he was following, Freud, still then a student, was given the last volume of J.S. Mill&#x2019;s works to translate. This volume contained &#x2013; among others &#x2013; a revolutionary text called The Enfranchisement of Women (1851). Although Freud only made one reference to two of Mill&#x2019;s works and never referred to any other influence the philosopher may have had on his thinking, we might be led to assume that this translation had a far more extensive effect on Freud&#x2019;s ideas on the question of women in society than he might lead us to believe. Male prejudices do not disappear immediately, but Freud&#x2019;s resistance before the idea of woman as an alter ego does suffer slightly.</subfield>
  </datafield>
  <datafield tag="690" ind1=" " ind2=" ">
    <subfield code="a">&#xAB;&#xA0;Dark continent&#xA0;&#xBB;</subfield>
  </datafield>
  <datafield tag="690" ind1=" " ind2=" ">
    <subfield code="a">Brentano</subfield>
  </datafield>
  <datafield tag="690" ind1=" " ind2=" ">
    <subfield code="a">&#xC9;coute nouvelle</subfield>
  </datafield>
  <datafield tag="690" ind1=" " ind2=" ">
    <subfield code="a">Id&#xE9;al de f&#xE9;minit&#xE9;</subfield>
  </datafield>
  <datafield tag="690" ind1=" " ind2=" ">
    <subfield code="a">Pr&#xE9;jug&#xE9; masculin</subfield>
  </datafield>
  <datafield tag="690" ind1=" " ind2=" ">
    <subfield code="a">Stanley</subfield>
  </datafield>
  <datafield tag="690" ind1=" " ind2=" ">
    <subfield code="a">&#x2018;Dark Continent'</subfield>
  </datafield>
  <datafield tag="690" ind1=" " ind2=" ">
    <subfield code="a">Brentano</subfield>
  </datafield>
  <datafield tag="690" ind1=" " ind2=" ">
    <subfield code="a">Feminine Ideal</subfield>
  </datafield>
  <datafield tag="690" ind1=" " ind2=" ">
    <subfield code="a">Listening again</subfield>
  </datafield>
  <datafield tag="690" ind1=" " ind2=" ">
    <subfield code="a">Male Prejudice</subfield>
  </datafield>
  <datafield tag="690" ind1=" " ind2=" ">
    <subfield code="a">Stanley</subfield>
  </datafield>
  <datafield tag="786" ind1="0" ind2=" ">
    <subfield code="n">Topique | 82 | 1 | 2003-03-01 | p. 127-133 | 0040-9375</subfield>
  </datafield>
  <datafield tag="856" ind1="4" ind2="1">
    <subfield code="u">https://shs.cairn.info/revue-topique-2003-1-page-127?lang=fr&amp;redirect-ssocas=7080</subfield>
  </datafield>
  <datafield tag="999" ind1=" " ind2=" ">
    <subfield code="c">2227504</subfield>
    <subfield code="d">2227504</subfield>
  </datafield>
</record>
